|
|
|
|
| LEADER |
01584nam a2200385 a 4500 |
| 001 |
EBC3039650 |
| 003 |
MiAaPQ |
| 005 |
20200520144314.0 |
| 006 |
m o d | |
| 007 |
cr cn||||||||| |
| 008 |
130114s2013 nyuad sb 001 0 eng d |
| 010 |
|
|
|z 2012045024
|
| 020 |
|
|
|z 9789280812220
|
| 020 |
|
|
|a 9789280871913 (electronic bk.)
|
| 035 |
|
|
|a (MiAaPQ)EBC3039650
|
| 035 |
|
|
|a (Au-PeEL)EBL3039650
|
| 035 |
|
|
|a (CaPaEBR)ebr10752389
|
| 035 |
|
|
|a (OCoLC)923704545
|
| 040 |
|
|
|a MiAaPQ
|c MiAaPQ
|d MiAaPQ
|
| 043 |
|
|
|a ae-----
|
| 050 |
|
4 |
|a HC460.5
|b .R4365 2013
|
| 082 |
0 |
4 |
|a 337.1/5
|2 23
|
| 245 |
0 |
0 |
|a Regional integration in East Asia
|h [electronic resource] :
|b theoretical and historical perspectives /
|c edited by Satoshi Amako, Shunji Matsuoka and Kenji Horiuchi.
|
| 260 |
|
|
|a New York :
|b United Nations University,
|c 2013.
|
| 300 |
|
|
|a xxx, 356 p. :
|b ill.
|
| 504 |
|
|
|a Includes bibliographical references and index.
|
| 505 |
0 |
|
|a pt. I. Theoretical perspectives on Asian regional integration -- pt. II. Issues in Asian regional integration -- pt. III. Historicizing Asian regional integration.
|
| 533 |
|
|
|a Electronic reproduction. Ann Arbor, MI : ProQuest, 2015. Available via World Wide Web. Access may be limited to ProQuest affiliated libraries.
|
| 651 |
|
0 |
|a East Asia
|x Economic integration.
|
| 655 |
|
4 |
|a Electronic books.
|
| 700 |
1 |
|
|a Amako, Satoshi.
|
| 700 |
1 |
|
|a Matsuoka, Shunji.
|
| 700 |
1 |
|
|a Horiuchi, Kenji.
|
| 710 |
2 |
|
|a ProQuest (Firm)
|
| 856 |
4 |
0 |
|u https://ebookcentral.proquest.com/lib/matrademy/detail.action?docID=3039650
|z Click to View
|